| 000 | 01291cam a2200349 i 4500 | ||
|---|---|---|---|
| 001 | 9163 | ||
| 003 | Mx-PuUPA | ||
| 005 | 20220222131218.0 | ||
| 008 | 140415s1991 sp a gre 001 0 spa d | ||
| 017 | _aM. 16.955-1984 | ||
| 020 |
_a8423952096 _qtomo 9 |
||
| 040 |
_aMx-PuUPA _bspa _cMx-PuUPA _dMx-PuUPA _erda |
||
| 041 | 0 | _aspa | |
| 100 | 1 |
_912062 _aPijoán, José, _d1881-1963 _eautor |
|
| 245 | 1 | 3 |
_aEl arte románico : _bsiglos XI y XII / _cJosé Pijoán |
| 250 | _aNovena edición | ||
| 264 | 1 |
_aMadrid : _bEspasa-Calpe, _c1991 _c©1944 |
|
| 300 |
_ax, 614 páginas, xxv hojas : _bilustraciones, láminas (algunas a color) ; _c28 cm |
||
| 336 |
_2rdacontent _atexto _btxt |
||
| 336 |
_2rdacontent _aimagen fija _bsti |
||
| 337 |
_2rdamedia _asin medio _bn |
||
| 338 |
_2rdacarrier _avolumen _bnc |
||
| 490 | 1 |
_aSumma artis, historia general del arte ; _v9 |
|
| 650 | 7 |
_aArte _xHistoria _2armarc |
|
| 655 | 7 |
_2armarc _aEnciclopedias |
|
| 785 | 0 | 0 |
_aPijoán, José, _bNovena edición _dMadrid : Espasa-Calpe, 1989 _tArte gótico de la Europa Occidental. Siglo XIII, XIV y XV _w(Mx-PuUPA) 9228 _z8423952118 |
| 830 | 0 |
_912114 _aSumma artis, historia general del arte _v9 |
|
| 942 |
_2ddc _cLI _h709 _iS955 |
||
| 999 |
_c9163 _d9163 |
||